Serials in Microform 98 / (Record no. 193664)
[ view plain ]
| 000 -LEADER | |
|---|---|
| fixed length control field | 00700 a2200169 4500 |
| 003 - CONTROL NUMBER IDENTIFIER | |
| control field | NUST |
| 005 - DATE AND TIME OF LATEST TRANSACTION | |
| control field | 20221205144651.0 |
| 040 ## - CATALOGING SOURCE | |
| Transcribing agency | Nust |
| 082 ## - DEWEY DECIMAL CLASSIFICATION NUMBER | |
| Classification number | 070.572,SER |
| 100 ## - MAIN ENTRY--PERSONAL NAME | |
| Personal name | UMI |
| 9 (RLIN) | 104156 |
| 245 ## - TITLE STATEMENT | |
| Title | Serials in Microform 98 / |
| Remainder of title | Gatalogue |
| 250 ## - EDITION STATEMENT | |
| Edition statement | International ed |
| 260 ## - PUBLICATION, DISTRIBUTION, ETC. | |
| Place of publication, distribution, etc. | USA |
| Name of publisher, distributor, etc. | UMI |
| 300 ## - PHYSICAL DESCRIPTION | |
| Extent | 1998p .: |
| 505 ## - FORMATTED CONTENTS NOTE | |
| Formatted contents note | Introduction (Page-4), How To Order (Page-7), Filming Policies (Page-10), Helpful Information (Page-11), Specifications (Page-12), Serial In Microform (Page-13), Using This Section (Page-15), Entry Abbreviations (Page-18), Quarterly Periodical Titles (Page-19), New Periodical Titles (Page-24), Index Listin Periodicals (Page-32). |
| 942 ## - ADDED ENTRY ELEMENTS (KOHA) | |
| Source of classification or shelving scheme | |
| Koha item type | Book |
| Call number prefix | 070.572,SER |
| Withdrawn status | Lost status | Source of classification or shelving scheme | Damaged status | Not for loan | Permanent Location | Current Location | Shelving location | Date acquired | Full call number | Barcode | Date last seen | Price effective from | Koha item type | Public note |
|---|---|---|---|---|---|---|---|---|---|---|---|---|---|---|
| Military College of Signals (MCS) | Military College of Signals (MCS) | General Stacks | 12/12/2016 | 070.572,SER | MCS27425 | 12/08/2016 | 12/12/2016 | Book | Almirah No.46, Shelf No.1 |
